Cinéma : Distribution des Gendarmes - Statistiques

Statistiques générales
  • Ce quiz a été pris 39 fois
  • Le résultat moyen est 11 sur 20
Statistiques - réponses
Hint Réponse % Correct
Ludovic Crucot Louis de Funès
100%
Josépha Cruchot Claude Gensac
87%
Jérôme Gerber Michel Galabru
87%
Lucien Fougasse Jean Lefebvre
80%
Sr Clotilde France Rumilly
67%
Albert Merlot Christian Marin
63%
Nicole Cruchot Geneviève Grad
63%
Tricart Guy Grosso
63%
Beaupied Maurice Risch
57%
Berlicot Michel Modo
53%
André-Hugues Boiselier Claude Piéplu
50%
Le colonel 1979/1982 Jacques François
50%
Perlin Patrick Préjean
50%
Taupin Jean-Pierre Rambal
37%
Emilie Lareine-Leroy Maria Pacôme
37%
Cécilia Gerber Nicole Vervil
37%
Josépha Cruchot 1979 Maria Mauban
33%
Le colonel 1968/1970 Yves Vincent
33%
Simone/Germaine Gerber Michèle Bourday
27%
Mme Gerber 1965 Viviane Méry
10%
Aucun quiz correspondant
Distribution des résultats
% des personnes avec chaque résultat
Percentile par nombre de réponses
Votre historique - résultats
Vous n’avez pas pris ce quiz